Human behaviour in Africa: a bibliography of psychological and related writings. (Record no. 30726)
[ view plain ]
| 000 -LEADER | |
|---|---|
| fixed length control field | 00633cam3a220016900 4500 |
| 001 - CONTROL NUMBER | |
| control field | zam00002691 |
| 008 - FIXED-LENGTH DATA ELEMENTS--GENERAL INFORMATION | |
| fixed length control field | 970717n xx eng u |
| 035 ## - SYSTEM CONTROL NUMBER | |
| System control number | (Sirsi) r132691 |
| 040 ## - CATALOGING SOURCE | |
| Modifying agency | UPRA |
| 245 00 - TITLE STATEMENT | |
| Title | Human behaviour in Africa: a bibliography of psychological and related writings. |
| 260 ## - PUBLICATION, DISTRIBUTION, ETC. | |
| Place of publication, distribution, etc. | Ontario : |
| Name of publisher, distributor, etc. | Althonsc College of education, |
| Date of publication, distribution, etc. | 1970. |
| 520 ## - SUMMARY, ETC. | |
| Summary, etc. | This is a bibliography on human behaviour in Africa on psychological and related writings. |
| 650 #4 - SUBJECT ADDED ENTRY--TOPICAL TERM | |
| Topical term or geographic name entry element | Bibliography. |
| Linkage | S15379.1 |
| 650 #4 - SUBJECT ADDED ENTRY--TOPICAL TERM | |
| Topical term or geographic name entry element | Africa -- Human relations. |
| General subdivision | Africa -- Human relations. |
| Linkage | S78713.1 |
| 949 10 - LOCAL PROCESSING INFORMATION (OCLC) | |
| m | INESOR |
| t | BOOK |
| l | ON-SHELF |
No items available.